000 00901nam a2200253 a 4500
001 000039589
005 20240412074300.0
008 130708s2011 dr r 000 p spa d
020 _a9789945475203
040 _aDO-SdBNP
_bspa
_cBNPHU
082 _aRD861.44
_bM765i
100 1 _aMontaño, Aníbal
_965753
245 1 0 _aÍntimo /
_cAníbal Montaño ; compilación y selección Ramón Mesa, Ysabel Florentino, Jesús Cordero.
260 _aSanto Domingo :
_bRumbo Sur,
_c2011.
300 _a74 p. ;
_c24 cm.
500 _aIncluye datos biográficos del autor en la solapa de la cubierta
590 _aInventariado, 2018/BT
650 0 _aPoesía dominicana
_966
650 0 _aLiteratura dominicana.
_967
700 1 2 _aMesa, Ramón,
_ecomp.
_943164
700 1 2 _aFlorentino, Ysabel,
_d1981-
_ecomp.
_943165
700 1 2 _aCordero, Jesús,
_ecomp.
_943166
910 _aValidado. Control de calidad. MFF
999 _c39079
_d39079